Statistics for "Everybody hates Chris," characters

Click here to take the quiz!

General Stats

  • This quiz has been taken 20 times
  • The average score is 6 of 11

Answer Stats

HintCharacter% Correct
The brotherDrew
100%
The fatherJulius
94%
The sisterTonya
88%
The main characterChris Rock
76%
Funeral dorector who lives upstairsMr Omar
53%
Local grocery store ownerDoc Harris
47%
School bullyJoey Caruso
47%
"Can I hold a dollar?"Jerome
41%
Chris's best friendGreg Wuliger
29%
The 3rd party seller of completely random itemsRisky
29%
The motherRoshelle
0%

Score Distribution

Percentile by Number Answered

Percent of People with Each Score

Your Score History

You have not taken this quiz